000 00325nam a22001217a 4500
008 230607b xxu||||| |||| 00| 0 eng d
020 _a0004483723
082 _a912
_bCOL
245 _aCollins illustrated Atlas of the World
_bAtlases for Today's World
260 _bHarper collins publishers
300 _a184p
942 _2ddc
_cBK
999 _c813
_d813